Actividad monetaria de los intermediarios financieros no bancarios / (Record no. 32746)

MARC details
000 -LEADER
campo de control de longitud fija 00700nam a2200205 i 4500
001 - NÚMERO DE CONTROL
campo de control 32746
003 - IDENTIFICADOR DE NÚMERO DE CONTROL
campo de control ES-MaACL
005 - FECHA Y HORA DE LA ÚLTIMA TRANSACCIÓN
campo de control 20230906154628.0
007 - CAMPO FIJO DE DESCRIPCIÓN FÍSICA--INFORMACIÓN GENERAL
campo de control de longitud fija t|
008 - DATOS DE LONGITUD FIJA--INFORMACIÓN GENERAL
campo de control de longitud fija 030131s1973 sp ||||1| spa d
100 1# - ENTRADA PRINCIPAL--NOMBRE DE PERSONA
Nombre de persona Bertoni, Alberto.
9 (RLIN) 28486
245 10 - MENCIÓN DEL TÍTULO
Título Actividad monetaria de los intermediarios financieros no bancarios /
Mención de responsabilidad, etc. Alberto Bertoni ; [versión española de Francisco Hortelano].
260 ## - PUBLICACIÓN, DISTRIBUCIÓN, ETC.
Lugar de publicación, distribución, etc. Madrid :
Nombre del editor, distribuidor, etc. ICE,
Fecha de publicación, distribución, etc. [1973]
300 ## - DESCRIPCIÓN FÍSICA
Extensión 143 p. ;
Dimensiones 22 cm.
490 1# - MENCIÓN DE SERIE
Mención de serie Biblioteca financiera del Banco Occidental
700 1# - ENTRADA AGREGADA--NOMBRE PERSONAL
Nombre de persona Hortelano, Francisco.
9 (RLIN) 64263
830 0# - PUNTO DE ACCESO ADICIONAL DE SERIE-TÍTULO UNIFORME
Título uniforme Biblioteca financiera del Banco Occidental
9 (RLIN) 181567
852 ## - LOCALIZACIÓN
Ubicación ES-MaACL
Número de control de estantería C-51928
Sublocalización o colección R.85573
Holdings
Estatus retirado Estado de pérdida Estado de daño No para préstamo Biblioteca de origen Biblioteca actual Ubicación en estantería Fecha de adquisición Fuente de adquisición Total de préstamos Signatura topográfica completa Código de barras Visto por última vez Precio de reemplazo Tipo de ítem Koha
        Biblioteca del Ateneo de Madrid Biblioteca del Ateneo de Madrid Depósito 2 17/01/2008     C-51928 1033973 23/02/2023 23/02/2023 Libro impreso